Normal view
MARC view
- Sultan, Aiman
Entry Personal Name
001 - CONTROL NUMBER
- control field: 16146
003 - CONTROL NUMBER IDENTIFIER
- control field: NUST
005 - DATE AND TIME OF LATEST TRANSACTION
- control field: 20190701063035.0
008 - FIXED-LENGTH DATA ELEMENTS
- fixed length control field: 190701|| aca||aabn | a|a d
040 ## - CATALOGING SOURCE
- Original cataloging agency: NUST
- Transcribing agency: NUST
100 ## - HEADING--PERSONAL NAME
- Personal name: Sultan, Aiman
670 ## - SOURCE DATA FOUND
- Source citation: Work cat.: (NUST): Sultan, Aiman, Numerical Study of Some Flow and Heat Transfer Problems Involving Generalized Newtonian Fluid /, 2018.
